Cadetes de la aviación civil de los Estados Unidos
Colección:
San Jorge,
; núm. 4 (octubre 1951), pàg 42
Materias:
Palau de la Generalitat de Catalunya
; Barcelona (Catalunya : Província). -- Diputació
; Aviadors -- Estats Units d'Amèrica
; Visites oficials -- Barcelona (Catalunya)
Idioma:
Español
MARC
| LEADER | 00000naa a2200000 a 4500 | ||
|---|---|---|---|
| 003 | Arxiu | ||
| 005 | 20260324181028.0 | ||
| 008 | 160829s1951 spc xx s spa c | ||
| 040 | |a agdb | ||
| 245 | 0 | 0 | |a Cadetes de la aviación civil de los Estados Unidos |
| 490 | |a San Jorge, |v núm. 4 (octubre 1951), pàg 42 | ||
| 610 | 2 | 0 | |a Palau de la Generalitat de Catalunya |9 53043 |
| 610 | 1 | 0 | |a Barcelona (Catalunya : Província). |b Diputació |9 52408 |
| 650 | 0 | |a Aviadors |9 54647 |z Estats Units d'Amèrica | |
| 650 | 0 | |a Visites oficials |9 31008 |z Barcelona (Catalunya) | |
| 773 | |t San Jorge. |g Núm. 4 (octubre 1951), pàg 42 | ||
| 901 | |a Arxiu | ||
| 942 | |n 1 |2 udc |c ART | ||
| 952 | |0 0 |1 0 |4 0 |6 REV508 |7 1 |9 64582 |a Arxiu |b Arxiu |d 2022-12-01 |l 0 |o Rev-508 |r 2022-12-01 00:00:00 |w 2022-12-01 |y ARXIU |z També disponible a Rev-521 | ||
| 999 | |c 44270 |d 44270 | ||